00859nac a22002531u 4500010001400000020001500014022001500029082002000044090001500064100003400079245005900113250001200172260005900184300003300243500001500276500004100291500002300332504002000355650004000375650004100415942002200456999001500478952011200493 a008360825 a0340175613 a0340175605 a616.0756bB2682 c3444d3444 aBaron, D. N. (Denis Ne  aA short textbook of chemical pathology /c D.N. Baron. a3rd ed. aLondon :bEnglish Universities Press, C.1972.cC.1972. aviii,247p. :b ill. ;c23cm. aDonations. aDonations - Bibliotheca Alexandrina. aPrevious ed. 1969. aIncludes Index. aChemistry, Medical and theoretical. aMedicine Diagnosis Chemical analysis cBBk616.0756B2682 c3444d3444 00102ddc4070aMAINbMAINc1STd2011-04-07ePurchasel0o616.0756 BARp000030306r2025-07-15 00:00:00yBB